| 000 | 00393nam a2200133Ia 4500 | ||
|---|---|---|---|
| 008 | 231129s9999||||xx |||||||||||||| ||spa|| | ||
| 020 | _a84-254-2165 | ||
| 040 | _bspa | ||
| 082 | _a616.8914 F831p | ||
| 100 | _aFrankl Victor E. | ||
| 245 | 0 | _aPsicoterapia y existencialismo : Escritos selectos sobre logoterapia | |
| 264 | _aHerder | ||
| 942 |
_2ddc _cBKS |
||
| 999 |
_c23531 _d23531 |
||